| 000 | 01237nam a2200241Ia 4500 | ||
|---|---|---|---|
| 999 |
_c37696 _d37696 |
||
| 001 | 3669 | ||
| 003 | GE_BSU | ||
| 005 | 20190625161621.0 | ||
| 008 | 181216s||||||||xx |||||||||||||| ||und|| | ||
| 020 | _a9789941007101 | ||
| 040 | _cGE_BSU | ||
| 080 | _a327.5 | ||
| 245 |
_aრუსეთი და საქართველო : აგრესიის გაკვეთილები : _bსტატიების კრებული / _cპოლიტოლოგიის ინ-ტი ; რედ. მალხაზ მაცაბერიძე. |
||
| 264 |
_aთბილისი : _bახალი აზრი, _c2008. |
||
| 300 |
_a92 გვ.; _b20 სმ. |
||
| 504 | _aბიბლიოგრ. ტექსტის შენიშვნ. | ||
| 520 | _aრეზ. ინგლ. | ||
| 653 | _aსაქართველოს ისტორია | ||
| 653 | _aსაქართველოს ანექსია რუსეთის მიერ | ||
| 653 | _aსაქართველო-რუსეთის ურთიერთობების ისტორია | ||
| 700 |
_aმაცაბერიძე, მალხაზ _eრედაქტორი _91009 |
||
| 942 |
_cBK _2udc |
||